00341pab a2200121 454500008004000000100002900040245005100069260000900120300001300129362001200142650002300154773004200177180718b1998 xxu||||| |||| 00| 0 eng d aTjiptoherijanto, Prijono aEconomic crisis in Asia: the case of Indonesia c1998 ap.159-71 aJan-Dec aEconomic recession aAsian Review of Public Administration